000 01006cad a22002175a 4500
001 L158988
008 120731s2013 xxkad f s 000 0 eng d
035 _a(Sirsi) u158988
041 0 _aeng
110 2 _aRoyal Institution of Chartered Surveyors
_bEconomics
_95033
245 0 0 _aRICS UK commercial market survey
_bQ2 2013
_h[electronic resource]
260 _aLondon
_bRICS
_c2013
490 0 _aRICS Commercial Market Survey United Kingdom
_vQ2 2013
520 _aRent expectations have stabilised and investor activity is picking up. Rent expectations turn slightly positive at the headline level. Stock availability has decreased marginally. Capital values and investment transactions expected to increase.
590 _aKA
650 2 4 _aRICS COMMERCIAL MARKET SURVEY
651 4 _aUnited Kingdom
690 _aCommercial property
_96227
856 4 0 _uhttps://www.rics.org/Global/RICS%20Commercial%20Property%20Market%20Survey%20Q2.pdf
_zView this item free of charge at www.rics.org
942 _n0
999 _c115617
_d115617